| 000 | 00506nam a2200181 i 4500 | ||
|---|---|---|---|
| 001 | 42861 | ||
| 003 | ES-MaACL | ||
| 005 | 20230906160707.0 | ||
| 007 | t| | ||
| 008 | 030314s1866 fr ||||1| fre d | ||
| 100 | 1 |
_aCernuschi, Henri. _937540 |
|
| 245 | 1 | 0 |
_aContre le billet de banque / _cpar Henri Cernuschi. |
| 260 |
_aParis : _b[s.n., _c1866] ( _fImp. Poitevin) |
||
| 300 |
_a142 p. ; _c17 cm. |
||
| 500 | _aDeposition et notes. | ||
| 650 | 4 |
_aBilletes de banco. _9149133 |
|
| 852 |
_aES-MaACL _jD-3050 |
||
| 999 |
_c42861 _d42861 |
||